000 00327cam a22001217a 4500
008 180718b1967 xxu||||| |||| 00| 0 eng d
082 _aT16x54 D1453
100 _aDey, S.K.
245 _aSahakari samaj: cooperative commonwealth
_cby S.K. Dey
260 _aBombay
_bAsia
_c1967
300 _a138p.
650 _aCooperation - India
999 _c364236
_d364236